00773nam a2200193 a 450000100100000000500170001000800410002704000250006808200130009310000350010624500770014125000290021826000500024730000360029759000270033350000320036095201700039299900170056200004733020201002053544.0180503s1950 dr ac 000 0 spa d aDO-SdBNPbspacBNPHU axxxbxxx1 aInchaustegui, J. Marino95379310aHistoria Dominicana :b1844-1950, sexto curso /cJ. Marino Inchaustegui. a6a. ed.bcorr. aumentada aSanto Domingo, :bLibreria Dominicana,c1950. a203 p. :bil., retrs. ;c21 cm. aInventariado, 2018/ YL aSexto curso, texto escolar. 0010718PDaPDbPDcCTd2018-05-03iLF1l0oxxx xxxp47330-10r2020-06-25w2020-06-25yLFPDzPerteneció a la biblioteca personal de Bárbara SuncarZNo se presta c46818d46818